people with verb names - Statistics

General Stats
  • This quiz has been taken 35 times
  • The average score is 11 of 15
Answer Stats
name lifetime famous as a(n)... verb % Correct
William _____speare 1564-1616 playwright Shake
100%
Adolf ___ler 1889-1945 dictator Hit
97%
Charles Dar___ 1809-1882 scientist win
97%
Cleo___ra ~70-30 BCE monarch pat
94%
___olean Bonaparte 1769-1821 ruler Nap
90%
George ____ington 1732-1799 statesman Wash
90%
__abella of Castile 1451-1504 monarch Is
84%
E____or Roosevelt 1884-1962 first lady lean
81%
Ada ____lace 1815-1852 scientist Love
74%
___te Davis 1908-1989 actress Bet
65%
James ____ 1728-1779 explorer Cook
65%
Richard ___ner 1813-1883 composer Wag
61%
George Washington _____r ~1864-1943 scientist Carve
39%
John ____e 1632-1704 philosopher Lock
32%
Sally ____ 1951-2012 astronaut Ride
32%
No matching quizzes found
Score Distribution
Percent of People with Each Score
Percentile by Number Answered
Your Score History
You have not taken this quiz